[Event "29. Cullera 2012 - Open A"]
[Site "Cullera ESP"]
[Date "2012.08.30"]
[Round "8.6"]
[White "Diaz Velandia, Jose Manuel"]
[Black "Rubio Tent, Francisco"]
[Result "1-0"]
[WhiteElo "2251"]
[BlackElo "2104"]
[PlyCount "52"]
[EventDate "2012.08.25"]
[EventType "swiss"]
[EventRounds "9"]
[EventCountry "ESP"]
[Source "lmi"]
[SourceDate "2012.08.25"]

1. d4 d5 2. Nf3 Nf6 3. c3 c6 4. Bf4 Bf5 5. e3 e6 6. Bd3 Bxd3 7. Qxd3 Be7 8. h3
Nbd7 9. Nbd2 O-O 10. O-O c5 11. Ne5 Nxe5 12. Bxe5 Bd6 13. f4 Ne8 14. Bxd6 c4
15. Qe2 Nxd6 16. e4 Re8 17. e5 Nf5 18. Rf3 g6 19. g4 Ng7 20. Nf1 f5 21. exf6
Qxf6 22. Re1 b5 23. Qc2 g5 24. Qf2 gxf4 25. Rxf4 Qg6 26. Nh2 Qg5 1-0

[Event "29. Cullera 2012 - Open A"]
[Site "Cullera ESP"]
[Date "2012.08.30"]
[Round "8.7"]
[White "Garcia Ramos, Marcos"]
[Black "Navarro Diaz, Carles"]
[Result "0-1"]
[WhiteElo "2177"]
[BlackElo "2117"]
[PlyCount "42"]
[EventDate "2012.08.25"]
[EventType "swiss"]
[EventRounds "9"]
[EventCountry "ESP"]
[Source "lmi"]
[SourceDate "2012.08.25"]

1. e4 c5 2. Nf3 Nc6 3. d4 cxd4 4. Nxd4 g6 5. Nc3 Bg7 6. Be3 Nf6 7. Bc4 O-O 8.
Bb3 d6 9. f3 Bd7 10. Qd2 Rc8 11. O-O-O Ne5 12. h4 h5 13. g4 hxg4 14. h5 Nxh5
15. Bh6 Kh7 16. Bxg7 Kxg7 17. fxg4 Bxg4 18. Rdg1 Rh8 19. Nd5 e6 20. Nf4 Nxf4
21. Qxf4 Nd3+ 0-1

[Event "29. Cullera 2012 - Open A"]
[Site "Cullera ESP"]
[Date "2012.08.30"]
[Round "8.8"]
[White "Remolar Gallen, Jose"]
[Black "Pablos Tenrero, Raquel"]
[Result "1-0"]
[WhiteElo "2167"]
[BlackElo "1960"]
[PlyCount "98"]
[EventDate "2012.08.25"]
[EventType "swiss"]
[EventRounds "9"]
[EventCountry "ESP"]
[Source "lmi"]
[SourceDate "2012.08.25"]

1. e4 e5 2. Nc3 Bc5 3. Bc4 Nf6 4. d3 Nc6 5. Bg5 d6 6. Nd5 Be6 7. Bxf6 gxf6 8.
Qh5 Nb4 9. Nxb4 Bxc4 10. dxc4 Bxb4+ 11. c3 Bc5 12. Rd1 Qe7 13. Ne2 O-O-O 14.
Ng3 Rhg8 15. Rd3 Rg5 16. Qh6 Qe6 17. b3 Kb8 18. Rf3 Rg6 19. Qh4 Bb6 20. O-O c6
21. Rd1 Bc7 22. Nf5 Rdg8 23. g3 h6 24. h3 Rd8 25. Rfd3 a5 26. Kg2 a4 27. Qh5 b6
28. Nh4 Rgg8 29. Qxh6 Rh8 30. Qd2 Rxh4 31. gxh4 f5 32. exf5 Qxf5 33. Qg5 Qe4+
34. Kh2 Rh8 35. h5 Qe2 36. R1d2 Qe1 37. Qe3 Qxe3 38. fxe3 Rxh5 39. e4 f5 40.
exf5 e4 41. Rd4 d5+ 42. Kg2 Rg5+ 43. Kh1 Be5 44. cxd5 Bxd4 45. Rxd4 axb3 46.
axb3 Rxf5 47. d6 Kc8 48. Kg2 Rf3 49. h4 Rxc3 1-0

[Event "29. Cullera 2012 - Open A"]
[Site "Cullera ESP"]
[Date "2012.08.30"]
[Round "8.9"]
[White "Sos Andreu, Eric"]
[Black "Picazo Gonzalez, Alejandro"]
[Result "1/2-1/2"]
[WhiteElo "2165"]
[BlackElo "1982"]
[PlyCount "88"]
[EventDate "2012.08.25"]
[EventType "swiss"]
[EventRounds "9"]
[EventCountry "ESP"]
[Source "lmi"]
[SourceDate "2012.08.25"]

1. d4 d5 2. c4 e6 3. Nf3 Nf6 4. g3 Be7 5. Bg2 O-O 6. O-O dxc4 7. Qc2 a6 8. Qxc4
b5 9. Qc2 Bb7 10. Bd2 Be4 11. Qc1 Bb7 12. Bf4 Nd5 13. Nc3 Nxf4 14. Qxf4 Bd6 15.
Qe3 Nd7 16. Rfd1 Qe7 17. Ne4 Nf6 18. Nfg5 Nd5 19. Qd3 f5 20. Nxd6 cxd6 21. Nf3
Rac8 22. Rac1 Kh8 23. Qd2 Nf6 24. Qb4 Rc7 25. Rxc7 Qxc7 26. Ng5 Bxg2 27. Kxg2
Qc6+ 28. Kg1 Nd5 29. Qa3 b4 30. Qf3 Qd7 31. e4 Nc7 32. d5 exd5 33. exd5 h6 34.
Qh5 Kg8 35. Nh3 Qf7 36. Qxf7+ Kxf7 37. Rc1 Nxd5 38. Rc6 Ke6 39. Rxa6 Rc8 40.
Ra7 g6 41. a3 Rc2 42. axb4 Rxb2 43. Rb7 Kf6 44. Rd7 Ke6 1/2-1/2

[Event "29. Cullera 2012 - Open A"]
[Site "Cullera ESP"]
[Date "2012.08.30"]
[Round "8.12"]
[White "Martinez Tormo, Jorge"]
[Black "Uran Bermudez, Oliver Kevin"]
[Result "1-0"]
[WhiteElo "2148"]
[BlackElo "2135"]
[PlyCount "43"]
[EventDate "2012.08.25"]
[EventType "swiss"]
[EventRounds "9"]
[EventCountry "ESP"]
[Source "lmi"]
[SourceDate "2012.08.25"]

1. e4 c5 2. Nf3 e6 3. d4 cxd4 4. Nxd4 a6 5. Bd3 e5 6. Nf5 d5 7. exd5 Qxd5 8.
Ne3 Qc6 9. O-O Nf6 10. c4 Be6 11. Nc3 Be7 12. Qc2 Nbd7 13. b3 O-O 14. Bb2 Rfe8
15. Rfd1 h6 16. Rac1 Nc5 17. Bf5 Rf8 18. Ncd5 Bxf5 19. Qxf5 Nxd5 20. cxd5 Qc8
21. Qh5 g6 22. Qe2 1-0

[Event "29. Cullera 2012 - Open A"]
[Site "Cullera ESP"]
[Date "2012.08.31"]
[Round "9.1"]
[White "Castella Garcia, Fausto"]
[Black "Pavia Miralles, Jose Manuel"]
[Result "1-0"]
[WhiteElo "2329"]
[BlackElo "2168"]
[PlyCount "47"]
[EventDate "2012.08.25"]
[EventType "swiss"]
[EventRounds "9"]
[EventCountry "ESP"]
[Source "lmi"]
[SourceDate "2012.08.25"]

1. e4 d6 2. d4 g6 3. Nc3 Bg7 4. f4 c6 5. Nf3 d5 6. e5 Nh6 7. Be3 Qb6 8. Na4
Qa5+ 9. c3 Ng4 10. Bd2 h5 11. b4 Qd8 12. Bd3 Bf5 13. Bxf5 gxf5 14. e6 Na6 15.
Qe2 Qd6 16. Nc5 Nxc5 17. exf7+ Kxf7 18. bxc5 Qc7 19. Ng5+ Kg6 20. Qe6+ Bf6 21.
Qf7+ Kh6 22. h3 Raf8 23. Qe6 Qa5 24. hxg4 1-0

[Event "29. Cullera 2012 - Open A"]
[Site "Cullera ESP"]
[Date "2012.08.31"]
[Round "9.2"]
[White "Pena Riasco, Alexander"]
[Black "Torres Sanchez, Jose"]
[Result "1/2-1/2"]
[WhiteElo "2237"]
[BlackElo "2278"]
[PlyCount "30"]
[EventDate "2012.08.25"]
[EventType "swiss"]
[EventRounds "9"]
[EventCountry "ESP"]
[Source "lmi"]
[SourceDate "2012.08.25"]

1. e4 c5 2. Nf3 a6 3. d4 cxd4 4. Nxd4 Nf6 5. Nc3 e5 6. Nf3 d6 7. Bg5 Nbd7 8.
Bc4 Be7 9. O-O b5 10. Bxf6 Nxf6 11. Bd5 Rb8 12. a3 O-O 13. Qd3 h6 14. Rfd1 Qc7
15. Nd2 Be6 1/2-1/2

[Event "29. Cullera 2012 - Open A"]
[Site "Cullera ESP"]
[Date "2012.08.31"]
[Round "9.5"]
[White "Navarro Diaz, Carles"]
[Black "Remolar Gallen, Jose"]
[Result "0-1"]
[WhiteElo "2117"]
[BlackElo "2167"]
[PlyCount "90"]
[EventDate "2012.08.25"]
[EventType "swiss"]
[EventRounds "9"]
[EventCountry "ESP"]
[Source "lmi"]
[SourceDate "2012.08.25"]

1. Nf3 b5 2. g3 Bb7 3. Bg2 e6 4. b3 Nf6 5. O-O Be7 6. c4 b4 7. d3 O-O 8. Nbd2
d6 9. Bb2 a5 10. e4 Nfd7 11. d4 Nc6 12. Ne1 Bf6 13. Nc2 Qb8 14. f4 Qa7 15. Nf3
e5 16. Kh1 exd4 17. Nfxd4 Qb6 18. Nxc6 Bxc6 19. Nd4 Bb7 20. Qd2 Rfe8 21. Rae1
Nc5 22. Qc2 a4 23. e5 dxe5 24. fxe5 Rxe5 25. Rxe5 Bxe5 26. Nf5 Bxb2 27. Qxb2
Bxg2+ 28. Qxg2 Re8 29. Qf2 Qc6+ 30. Kg1 Ne4 31. Qd4 Qc5 32. bxa4 Qxd4+ 33. Nxd4
Nc3 34. Rf2 Re4 35. Rd2 Rxd4 36. Rxd4 Ne2+ 37. Kf2 Nxd4 38. Ke3 b3 39. axb3
Nxb3 40. Kf4 f6 41. h4 Kf7 42. h5 Ke6 43. g4 g5+ 44. hxg6 hxg6 45. g5 f5 0-1

[Event "29. Cullera 2012 - Open A"]
[Site "Cullera ESP"]
[Date "2012.08.31"]
[Round "9.6"]
[White "Gallardo Garcia, Andres"]
[Black "Crecente Penalba, Jose Manuel"]
[Result "1-0"]
[WhiteElo "2339"]
[BlackElo "2107"]
[PlyCount "59"]
[EventDate "2012.08.25"]
[EventType "swiss"]
[EventRounds "9"]
[EventCountry "ESP"]
[Source "lmi"]
[SourceDate "2012.08.25"]

1. e4 e5 2. Nf3 Nf6 3. d4 Nxe4 4. Bd3 d5 5. Nxe5 Nd7 6. Nxd7 Bxd7 7. O-O Bd6 8.
Qh5 Be6 9. Bxe4 dxe4 10. Nc3 g6 11. Qb5+ Bd7 12. Qxb7 f5 13. Bg5 Qc8 14. Qd5
Be6 15. Qc6+ Bd7 16. Qc4 Be6 17. d5 Bd7 18. f3 exf3 19. Rae1+ Kf7 20. Rxf3 Re8
21. Rxe8 Qxe8 22. Re3 Qf8 23. Bf4 Re8 24. Bxd6 Qxd6 25. Rxe8 Bxe8 26. b4 Kf6
27. g3 Qb6+ 28. Kg2 Bd7 29. Qh4+ Ke5 30. Qe7+ 1-0

[Event "29. Cullera 2012 - Open A"]
[Site "Cullera ESP"]
[Date "2012.08.31"]
[Round "9.7"]
[White "Jordan Martinez, Miguel"]
[Black "Montalban Galvez, Antoni"]
[Result "1-0"]
[WhiteElo "2144"]
[BlackElo "2204"]
[PlyCount "82"]
[EventDate "2012.08.25"]
[EventType "swiss"]
[EventRounds "9"]
[EventCountry "ESP"]
[Source "lmi"]
[SourceDate "2012.08.25"]

1. e4 c5 2. Nf3 Nc6 3. c3 Nf6 4. e5 Nd5 5. Bc4 Nb6 6. Bb3 c4 7. Bc2 Qc7 8. Qe2
g5 9. e6 dxe6 10. Nxg5 Bg7 11. d4 cxd3 12. Bxd3 Bd7 13. Na3 Ne5 14. Be4 h6 15.
Nf3 O-O-O 16. Nxe5 Qxe5 17. f4 Qc7 18. O-O f5 19. Bf3 e5 20. fxe5 Bxe5 21. h3
Rhg8 22. Kh1 f4 23. Bd2 Rg5 24. Be1 Bd6 25. Nc2 Rdg8 26. Bh4 Re5 27. Qd2 Nc4
28. Qxf4 Rf5 29. Qxh6 Qc5 30. Rae1 Nxb2 31. Nd4 Re5 32. Qh7 Rd8 33. Qb1 Qb6 34.
Rxe5 Bxe5 35. Qe4 Nc4 36. Re1 Rh8 37. Nf5 Rxh4 38. Qxh4 Qc5 39. Nxe7+ Kc7 40.
Nd5+ Kb8 41. Rxe5 Nxe5 1-0

[Event "29. Cullera 2012 - Open A"]
[Site "Cullera ESP"]
[Date "2012.08.31"]
[Round "9.10"]
[White "Pablos Tenrero, Raquel"]
[Black "Sos Andreu, Eric"]
[Result "1/2-1/2"]
[WhiteElo "1960"]
[BlackElo "2165"]
[PlyCount "69"]
[EventDate "2012.08.25"]
[EventType "swiss"]
[EventRounds "9"]
[EventCountry "ESP"]
[Source "lmi"]
[SourceDate "2012.08.25"]

1. e4 c5 2. Nf3 e6 3. d4 cxd4 4. Nxd4 Nf6 5. Nc3 d6 6. g3 Be7 7. Bg2 O-O 8. O-O
a6 9. a4 Nc6 10. Nb3 Na5 11. f4 Rb8 12. g4 Nxb3 13. cxb3 b5 14. axb5 axb5 15.
b4 d5 16. exd5 Bxb4 17. dxe6 Qb6+ 18. Kh1 Bxe6 19. g5 Ng4 20. Qf3 Bxc3 21. bxc3
Bc4 22. Qxg4 Bxf1 23. Bxf1 Qc6+ 24. Qg2 Qxc3 25. Bb2 Qb3 26. Ra3 Qd1 27. Ra1
Qb3 28. Ra3 Qd1 29. Ra1 Qb3 30. f5 Rbc8 31. Ra3 Qd1 32. Ra1 Qb3 33. Ra3 Qd1 34.
Ra1 Qb3 35. Ra3 1/2-1/2

[Event "29. Cullera 2012 - Open A"]
[Site "Cullera ESP"]
[Date "2012.08.31"]
[Round "9.12"]
[White "Minana Menor, Antonio"]
[Black "Nieves Cabanes, Javier"]
[Result "0-1"]
[WhiteElo "2095"]
[BlackElo "2016"]
[PlyCount "66"]
[EventDate "2012.08.25"]
[EventType "swiss"]
[EventRounds "9"]
[EventCountry "ESP"]
[Source "lmi"]
[SourceDate "2012.08.25"]

1. e4 c6 2. d4 d5 3. Nc3 dxe4 4. Nxe4 Bf5 5. Ng3 Bg6 6. h4 h6 7. h5 Bh7 8. Nf3
Nd7 9. Bd3 Bxd3 10. Qxd3 e6 11. Bf4 Qa5+ 12. Nd2 Ngf6 13. O-O Nxh5 14. Nxh5
Qxh5 15. Nc4 Be7 16. Nd6+ Bxd6 17. Bxd6 Qd5 18. Qg3 O-O-O 19. Bc7 Rde8 20. Rfd1
h5 21. Rd3 h4 22. Qh2 g5 23. Ra3 g4 24. Qd6 h3 25. Rg3 hxg2 26. Rxg2 Qf5 27.
Qf4 Qxc2 28. Ba5 e5 29. Qxg4 Qh7 30. f4 Qh1+ 31. Kf2 Qxa1 32. dxe5 Qxb2+ 33.
Kg1 Qc1+ 0-1

[Event "29. Cullera 2012 - Open A"]
[Site "Cullera ESP"]
[Date "2012.08.31"]
[Round "9.13"]
[White "Picazo Gonzalez, Alejandro"]
[Black "Nicolas Zapata, Javier"]
[Result "1/2-1/2"]
[WhiteElo "1982"]
[BlackElo "2043"]
[PlyCount "51"]
[EventDate "2012.08.25"]
[EventType "swiss"]
[EventRounds "9"]
[EventCountry "ESP"]
[Source "lmi"]
[SourceDate "2012.08.25"]

1. e4 c5 2. c3 d6 3. d4 Nf6 4. Bd3 Qa5 5. Nf3 cxd4 6. Nxd4 g6 7. O-O Bg7 8. Na3
O-O 9. Nc4 Qd8 10. Re1 Nbd7 11. Bg5 Nc5 12. Bc2 h6 13. Bh4 g5 14. Bg3 Ncxe4 15.
Qd3 Nxg3 16. hxg3 d5 17. Ne3 e5 18. Ndf5 e4 19. Qd2 Be6 20. Rad1 Qd7 21. Nxg7
Kxg7 22. Qd4 b6 23. Bb3 Rad8 24. Rd2 Qc6 25. Red1 Rd6 26. c4 1/2-1/2

[Event "29. Cullera 2012 - Open A"]
[Site "Cullera ESP"]
[Date "2012.08.31"]
[Round "9.19"]
[White "Mengual Bolo, Carles"]
[Black "Gonzalvez Perales, Jose Luis"]
[Result "1-0"]
[WhiteElo "2078"]
[BlackElo "2028"]
[PlyCount "58"]
[EventDate "2012.08.25"]
[EventType "swiss"]
[EventRounds "9"]
[EventCountry "ESP"]
[Source "lmi"]
[SourceDate "2012.08.25"]

1. e4 d5 2. exd5 Qxd5 3. Nc3 Qd6 4. Bc4 Nf6 5. Qf3 c6 6. h3 Be6 7. Bxe6 Qxe6+
8. Nge2 Qd6 9. d4 e6 10. O-O Nbd7 11. Bf4 Qb4 12. a3 Qb6 13. b4 Be7 14. Bh2 O-O
15. Rfb1 a6 16. Na4 Qd8 17. Nc5 Qc8 18. Nd3 b5 19. Nec1 a5 20. Nb3 axb4 21.
axb4 Nd5 22. Rxa8 Qxa8 23. Ra1 Qb7 24. Na5 Qc8 25. c3 Nxc3 26. Nxc6 Nd5 27.
Qxd5 exd5 28. Nxe7+ Kh8 29. Nxc8 Rxc8 1-0